LEADER 03908nam 22005532 450 001 996218163603316 005 20230302211459.0 010 $a1-139-80191-0 010 $a0-511-97639-9 035 $a(CKB)3440000000000075 035 $a(MH)012754994-3 035 $a(SSID)ssj0000505834 035 $a(PQKBManifestationID)11955269 035 $a(PQKBTitleCode)TC0000505834 035 $a(PQKBWorkID)10513698 035 $a(PQKB)10112384 035 $a(UkCbUP)CR9780511976391 035 $a(PPN)169145972 035 $a(EXLCZ)993440000000000075 100 $a20101012d2011|||| uy| 0 101 0 $aeng 135 $aur||||||||||| 181 $ctxt$2rdacontent 182 $cc$2rdamedia 183 $acr$2rdacarrier 200 04$aThe Cambridge companion to miracles /$fedited by Graham H. Twelftree$b[electronic resource] 210 1$aCambridge :$cCambridge University Press,$d2011. 215 $a1 online resource (xiv, 338 pages) $cdigital, PDF file(s) 225 1 $aCambridge companions to religion 300 $aTitle from publisher's bibliographic system (viewed on 09 Nov 2015). 311 $a0-521-89986-9 311 $a0-521-72851-7 320 $aIncludes bibliographical references and index. 320 $aIncludes bibliographical references and index. 327 $gIntroduction : miracle in an age of diversity /$rGraham H. Twelftree --$gpt. I. Fundamental issues.$tWhat is a miracle? /$rDavid Basinger --$tThe meanings of miracle /$rRobert A. Larmer --$gpt. II. Miracles in antiquity and the Middle Ages.$tMiracles in the Hebrew Bible /$rR. Walter L. Moberly --$tMiracles in the Greek and Roman world /$rRobert Garland --$tMiracles in Second Temple and early rabbinic Judaism /$rLidija Novakovic --$tThe miracles of Jesus /$rBarry L. Blackburn --$tMiracles in early Christianity /$rJames Carleton Paget --$tMiracles in the Middle Ages /$rBenedicta Ward --$gpt. III. Miracles and major religions.$tMiracles in traditional religions /$rFiona Bowie --$tMiracles in Hinduism /$rGavin Flood --$tMiracles in Islam /$rDavid Thomas --$tTales of miraculous teachings : miracles in early Indian Buddhism /$rRupert Gethin --$tMiracles in Christianity /$rRalph Del Colle --$tMiracles in Jewish philosophy /$rKenneth Seeskin --$gpt. IV. Miracle today.$tIssues in the history of the debates on miracles /$rColin Brown --$tPhilosophers on miracles /$rMichael P. Levine --$tPatient belief in miraculous healing : positive or negative coping resource? /$rNiels Christian Hvidt. 330 $aThe miracle stories of the founders and saints of the major world religions have much in common. Written by international experts, this Companion provides an authoritative and comparative study of miracles in not only Hinduism, Islam, Buddhism, Christianity and Judaism, but also, indigenous religions. The authors promote a discussion of the problems of miracles in our largely secular culture, and of the value of miracles in religious belief. The miracles of Jesus are also contextualized through chapters on the Hebrew Bible, classical culture to the Romans, Second Temple and early rabbinic Judaism and early Christianity. This book provides students with a scholarly introduction to miracles, which also covers philosophical, medical and historical issues. 410 0$aCambridge companions to religion. 606 $aMiracles 615 0$aMiracles. 676 $a202/.117 686 $aREL000000$2bisacsh 702 $aTwelftree$b Graham H. 801 0$bUkCbUP 801 1$bUkCbUP 906 $aBOOK 912 $a996218163603316 996 $aThe Cambridge companion to miracles$92493764 997 $aUNISA 999 $aThis Record contains information from the Harvard Library Bibliographic Dataset, which is provided by the Harvard Library under its Bibliographic Dataset Use Terms and includes data made available by, among others the Library of Congress LEADER 13487nam 22008535 450 001 9910647389003321 005 20230810180817.0 010 $a3-031-21572-9 024 7 $a10.1007/978-3-031-21572-8 035 $a(MiAaPQ)EBC7187321 035 $a(Au-PeEL)EBL7187321 035 $a(CKB)26068928700041 035 $a(DE-He213)978-3-031-21572-8 035 $a(PPN)26780993X 035 $a(EXLCZ)9926068928700041 100 $a20230128d2023 u| 0 101 0 $aeng 135 $aurcnu|||||||| 181 $ctxt$2rdacontent 182 $cc$2rdamedia 183 $acr$2rdacarrier 200 10$aPhysics and Mechanics of New Materials and Their Applications $eProceedings of the International Conference PHENMA 2021-2022 /$fedited by Ivan A. Parinov, Shun-Hsyung Chang, Arkady N. Soloviev 205 $a1st ed. 2023. 210 1$aCham :$cSpringer International Publishing :$cImprint: Springer,$d2023. 215 $a1 online resource (615 pages) 225 1 $aSpringer Proceedings in Materials,$x2662-317X ;$v20 311 08$aPrint version: Parinov, Ivan A. Physics and Mechanics of New Materials and Their Applications Cham : Springer International Publishing AG,c2023 9783031215711 320 $aIncludes bibliographical references and index. 327 $aIntro -- Preface -- Contents -- Contributors -- List of Figures -- Processing Techniques of Advanced Materials -- Chemisorption of Molybdenum Atom on Carbon Nanotube Using Density Functional Theory -- 1 Introduction -- 2 Computational Details -- 3 Results and Discussions -- 3.1 Geometrical Properties -- 3.2 Electronic Properties -- 3.3 Adsorption Properties -- 4 Conclusion -- References -- Carbon Nanoparticles from Thermally Expanded Graphite: Effect of the Expansion Conditions on the Derived Nanoparticles Morphology -- 1 Introduction -- 2 Experimental -- 3 Results and Discussion -- 3.1 Graphite Nitrate Cointercalation Compound with Carboxylic Acids as Precursor for Expanded Graphite -- 3.2 Thermally Expanded Graphite, Obtained from GNCC with Acetic and Formic Acids -- 3.3 Carbon Nanoparticles Obtained from TEGs -- 4 Conclusion -- References -- Optimization of the Synthesis Conditions of N-Doped TiO2 Nanoparticles -- 1 Introduction -- 2 Experimental Part -- 2.1 Material Synthesis -- 2.2 Materials Characterization -- 2.3 Photocatalyst Preparation -- 3 Result and Discussion -- 3.1 DTA/TGA Measurements -- 3.2 XRD Patterns -- 4 Conclusions -- References -- Fragrance Durability Depending on Compression of Knitted Fabric Bandage Coated by Microcapsule Contained Cinnamon Essential Oil -- 1 Introduction -- 2 Experimental Part -- 2.1 Materials -- 2.2 Methods -- 3 Results and Discussion -- 3.1 Influence of Fabric Characteristic on Fragrance Durability of Interlock Knitted Fabric -- 3.2 Application of the Laplace Law to Calculate Fabric Compression -- 3.3 Influence of Compression on the Fragrance Durability of Knitted Bandage Coated by Microcapsules Contained Cinnamon Oil -- 4 Conclusions -- References. 327 $aEffect of High-Power Nanosecond Electromagnetic Pulses and Dielectric Barrier Discharge in Air on the Structural, Physicochemical and Flotation Properties of Eudialyte -- 1 Introduction -- 1.1 Research Purpose -- 1.2 Research Scope -- 2 Experimental -- 2.1 Materials and Research Technique -- 3 Results and Discussions -- 3.1 Effect of HPEMP and DBD on the Morphology and Defects of Eudialyte Surface -- 3.2 Effect of High-Power Nanosecond Electromagnetic Pulses and Dielectric Barrier Discharge on Microhardness, Physicochemical and Flotation Properties of Eudialyte -- 4 Conclusions -- References -- Use of Technogenic Raw Materials in the Technology of Ceramic Materials -- 1 Introduction -- 1.1 The Purpose of the Study -- 2 Research Methods -- 3 Results and Discussion -- 4 Conclusion -- References -- Parametric Transformation of Fractal Structures -- 1 Introduction -- 2 Description of Model Parameters -- 3 Results and Discussion -- 4 Discussion -- 5 Conclusion -- References -- Physics of Advanced Materials -- Zero-Point Energy of Compressed Rare-Gas Crystals in the Model of Deformable Atoms -- 1 Introduction -- 2 Dynamic Matrix of Rare-Gas Crystals -- 3 Phonon Frequencies at the Mean-Value Points -- 4 Zero-Point Energy of Compressed Rare-gas Crystals -- 5 Conclusions -- References -- Orientation Effects in 2-2 Composites Based on [011]-poled PZN-0.065PT Single Crystal -- 1 Introduction -- 2 Model Concepts, Effective Electromechanical Properties and Parameters of the 2-2 Composite -- 2.1 Model of the 2-2 Composite -- 2.2 Effective Electromechanical Properties and Parameters at the Rotation of Main Crystallographic Axes -- 3 Orientation Dependences of Effective Piezoelectric Properties and Related Parameters -- 4 Comparison and Discussion -- 5 Conclusion -- References. 327 $aEffect of the Matrix Subsystem on Piezoelectric Properties and Related Parameters of Lead-Free 1-3-Type Composites Based on Domain-Engineered Single Crystals -- 1 Introduction -- 2 Model Concepts, Effective Properties and Parameters of Composites -- 2.1 Model of the Piezo-Active 1-3-Type Composite: Examples of 1-0-3 and 1-2-2 Connectivity Patterns -- 2.2 Effective Electromechanical Properties and Parameters of Composites -- 2.3 Components of Composites -- 3 Piezoelectric Properties, Figures of Merit and Anisotropy Factors of 1-3-Type Composites -- 3.1 1-0-3 Composites -- 3.2 1-2-2 Composites -- 4 Comparison of Results -- 5 Conclusion -- References -- On Solvability of Integral Equations of the First Kind with Mild Singularity in the Kernel -- 1 Introduction -- 2 Preliminaries -- 2.1 The Generalized Hölder Spaces and Function Classes of Bary-Stechkin -- 2.2 The Fourier-Laplace Multipliers Theory -- 3 Results and Discussion -- 3.1 The Class of Multipliers of Given Asymptotic and General Theorem -- 3.2 On the Solvability of Some Integral Equations of the First Kind -- 4 Conclusion -- References -- Theoretical Consideration and Experimental Studies of Bending Deformations of Inhomogeneous Ferroceramic Plates -- 1 Introduction -- 1.1 Research Purpose -- 1.2 Research Scope -- 2 Research Method -- 2.1 Continuous Formulation of the Problem (First Model) -- 2.2 Continuous Formulation of the Problem (Second Model) -- 2.3 Technology of Piezoelement Preparation and Polarization -- 3 Results and Discussion -- 4 Conclusion -- References -- Microstructure, Crystal Structure, Piezoelectric and Dielectric Properties of Piezoceramic SrBi2Nb2O9 -- 1 Introduction -- 2 Experiment -- 3 Results and Discussion -- 4 Conclusions -- References -- Microstructure, Dielectric and Piezoelectric Properties of Nd-Doped Bi4Ti3O12 Ceramics -- 1 Introduction -- 2 Experiment. 327 $a3 Results and Discussion -- 4 Conclusions -- References -- Microstructure Peculiarities and Electromechanical Properties of Porous Piezoceramics -- 1 Introduction -- 2 Objects of the Study and Methods of Measurements -- 3 Results and Discussion -- 3.1 Microstructure Study -- 3.2 Porosity Dependencies of Electromechanical Parameters -- 3.3 Complex Electromechanical Parameters -- 4 Conclusions -- References -- Investigation of the Microwave Properties of the Transparent Piezoceramics PLZT -- 1 Introduction -- 2 Objective of the Work -- 3 Objects and Research Method -- 4 Results and Discussion -- 5 Conclusion -- References -- Microwave Absorbing Properties of Modified Solid Solutions Based on Bismuth Ferrite and Lead Ferroniobate with Different Degrees of Porosity -- 1 Introduction -- 2 Materials -- 3 Methods -- 4 Results and Discussion -- 4.1 Study of the SS-1 Samples Characteristics -- 4.2 Study of the SS-2 Samples Characteristics -- 4.3 Study of the SS-3 Samples Characteristics -- 5 Additional Comparisons -- 6 Conclusions -- References -- A Novel Method for Determining Thermal Parameters of Moist Material -- 1 Introduction -- 2 Materials and Methods -- 2.1 Physical Model -- 2.2 Mathematical Model -- 2.3 Two Roots of the Thermal Conductivity Equation -- 2.4 Constructing Formula for Determining Thermal Conductivity Coefficient, Thermal Diffusion Coefficient and Specific Heat Capacity -- 2.5 Materials and Experimental Equipment -- 3 Results and Discussion -- 3.1 Results -- 3.2 Discussion -- 4 Conclusions -- References -- Study of Surface Morphology of Anticorrosive Organic Films -- 1 Introduction -- 2 Objects, Conditions and Methods of Research -- 3 Anticorrosive Properties of Films -- 4 Morphology of Film Surface -- 5 Conclusion -- References -- The Results of Calculations of Visualization of Biological Tissues Based on the Optoacoustic Effect. 327 $a1 Introduction -- 2 Research Method -- 3 Results and Discussion -- 4 Conclusion -- References -- Mechanics of Advanced Materials -- Modeling the Hysteresis Response of Ferroelectric Ceramics Subjected to High and Low Intensity Electric and Mechanical Fields -- 1 Introduction -- 2 Problem Formulation -- 3 Reversible Components -- 4 Irreversible Components -- 4.1 Ultimate or Limiting Strain and Polarization -- 4.2 Energy Cost to Break the Locking Mechanisms of Domain Walls -- 4.3 Estimate of the Work of the Electric and Mechanical Fields in Real and Ideal Processes -- 4.4 Energy Balance -- 5 Model Analysis and Numerical Experiments -- 6 Conclusion -- References -- Finite Element Study of Effective Moduli of Nanoporous Materials Composed of Regular Gibson-Ashby Cells with Surface Stresses -- 1 Introduction -- 2 Homogenization Method -- 3 Constructing a Representative Volume -- 4 Results and Discussion -- 5 Conclusions -- References -- Multi-layered Acoustic/Elastic Metamaterials with Arrays of Strip-Like Cracks or Planar Thin Cavities: Modelling and Manufacturing -- 1 Introduction -- 2 Mathematical Modelling -- 2.1 Unbounded AMM -- 2.2 Finite Size AMM with Mounted Piezoelectric Transducers -- 3 Numerical Analysis -- 4 Manufacturing of the Proposed Configurations of AMMs -- 5 Conclusions -- References -- Identification of Damages in Two-Dimensional Beam, Based on the Solution of Inverse Problem for One-Dimensional Equation -- 1 Introduction -- 1.1 Research Purpose -- 1.2 Statement of the Direct Problem for the Beam -- 1.3 Formulation of Direct Problem for Beam -- 2 Algorithm for Solving the Inverse Problem -- 2.1 Obtaining the Fréchet Derivative -- 3 Numerical Experiment -- 4 Conclusion -- References -- Convolutional Neural Networks in the Problem of Ultrasound Imaging of Defects -- 1 Introduction -- 2 Proposed Method. 327 $a2.1 Time-Domain Finite Difference Method. 330 $aThis book presents 50 selected peer-reviewed contributions from the 10th Anniversary International Conference on ?Physics and Mechanics of New Materials and Their Applications?, PHENMA 2021-2022 (23-27 May, 2022, Divnomorsk, Russia), focusing on processing techniques, physics, mechanics, and applications of advanced materials. The book describes a broad spectrum of promising nanostructures, crystal structures, materials, and composites with unique properties. It presents nanotechnological design approaches, environmental-friendly processing techniques, and physicochemical as well as mechanical studies of advanced materials. The selected contributions describe recent progress in computational materials science methods and algorithms (in particular, finite-element and finite-difference modelling) applied to various technological, mechanical, and physical problems. The presented results are important for ongoing efforts concerning the theory, modelling, and testing of advanced materials. Other results are devoted to promising devices with higher accuracy, increased longevity, and greater potential to work effectively under critical temperatures, high pressure, and in aggressive environments. 410 0$aSpringer Proceedings in Materials,$x2662-317X ;$v20 606 $aMaterials science 606 $aComposite materials 606 $aNanotechnology 606 $aMaterials science$xData processing 606 $aSurfaces (Technology) 606 $aThin films 606 $aMaterials$xAnalysis 606 $aMaterials Science 606 $aComposites 606 $aNanoscale Design, Synthesis and Processing 606 $aComputational Materials Science 606 $aSurfaces, Interfaces and Thin Film 606 $aMaterials Characterization Technique 615 0$aMaterials science. 615 0$aComposite materials. 615 0$aNanotechnology. 615 0$aMaterials science$xData processing. 615 0$aSurfaces (Technology) 615 0$aThin films. 615 0$aMaterials$xAnalysis. 615 14$aMaterials Science. 615 24$aComposites. 615 24$aNanoscale Design, Synthesis and Processing. 615 24$aComputational Materials Science. 615 24$aSurfaces, Interfaces and Thin Film. 615 24$aMaterials Characterization Technique. 676 $a620.11 676 $a620.11 702 $aParinov$b Ivan A.$f1956- 702 $aChang$b Shun-Hsyung 702 $aSoloviev$b Arkady N. 801 0$bMiAaPQ 801 1$bMiAaPQ 801 2$bMiAaPQ 906 $aBOOK 912 $a9910647389003321 996 $aPhysics and Mechanics of New Materials and Their Applications$92031405 997 $aUNINA